6 Most Famous Cities in The Gambia on a Map - Statistics

General Stats
  • This quiz has been taken 108 times
  • The average score is 3 of 6
Answers on the Map
Answers color-coded by a green-red scale on the quiz's map according to % correct below.
 
Answer Stats
Wiki Monthly Views Cityquiz Mention Rate Population Answers % Correct
22.17K 22.59% 31.05K Banjul
100%
5.85K 1.18% 19.94K Serekunda
55%
1.86K 0.45% 81.01K Brikama
45%
1.12K 0.01% 3.54K Bakau
33%
0.84K 0.17% 11.35K Basse Santa Su
31%
2.80K - 0.41K Jufureh
20%
No matching quizzes found
Score Distribution
Percent of People with Each Score
Percentile by Number Answered
Your Score History
You have not taken this quiz